[Event "Moscow op-B"]
[Site "Moscow"]
[Date "2009.02.08"]
[Round "9"]
[White "Pylaev, Evgenij"]
[Black "Zhukovsky, Viacheslav"]
[Result "0-1"]
[WhiteElo "2032"]
[BlackElo "2115"]
[PlyCount "28"]
[EventDate "2009.01.31"]
[EventType "swiss"]
[EventRounds "9"]
[EventCountry "RUS"]
[SourceTitle "EXT 2012"]
[Source "ChessBase"]
[SourceDate "2011.11.24"]
[SourceVersion "1"]
[SourceVersionDate "2011.11.24"]
[SourceQuality "1"]

1. e4 e6 2. b3 d5 3. exd5 exd5 4. Bb2 Nf6 5. Nf3 Be7 6. Be2 Bf5 7. 0-0 Nbd7 8. d3 c5 9. d4 b6 10. Nc3 0-0 11. Re1 Be6 12. Bd3 h6 13. Ne2 c4 14. bxc4 dxc4 0-1

[Event "Moscow op-B"]
[Site "Moscow"]
[Date "2009.02.06"]
[Round "7"]
[White "Pylaev, Evgenij"]
[Black "Gaponenko, Leonid"]
[Result "1-0"]
[WhiteElo "2032"]
[BlackElo "2115"]
[PlyCount "60"]
[EventDate "2009.01.31"]
[EventType "swiss"]
[EventRounds "9"]
[EventCountry "RUS"]
[SourceTitle "EXT 2012"]
[Source "ChessBase"]
[SourceDate "2011.11.24"]
[SourceVersion "1"]
[SourceVersionDate "2011.11.24"]
[SourceQuality "1"]

1. e4 c5 2. b3 Nf6 3. e5 Nd5 4. Bb2 e6 5. Nf3 Be7 6. d4 cxd4 7. Qxd4 0-0 8. Bc4 Nc6 9. Qe4 f5 10. Qe2 Nf4 11. Qf1 Qa5+ 12. Nbd2 Nb4 13. Kd1 a6 14. g3 Ng6 15. a3 Nc6 16. Qe2 b5 17. Bd3 Bb7 18. h4 Qc7 19. Rg1 Rac8 20. h5 Nh8 21. g4 fxg4 22. Qe4 Rf5 23. Qxg4 Rf7 24. Ne4 h6 25. Nf6+ Kf8 26. Nh4 Nxe5 27. Bxe5 Qxe5 28. Nxd7+ Ke8 29. Nxe5 Bxh4 30. Qxh4 Re7 1-0